[Event "WWCCh 2017"]
[Site "Tehran"]
[Date "2017.02.11"]
[Round "1.1"]
[White "Pogonina, Natalija"]
[Black "Zhou, Qiyu"]
[Result "1/2-1/2"]
[WhiteElo "2487"]
[BlackElo "2287"]
[Annotator "John Upper"]
[PlyCount "121"]
[EventDate "2017.??.??"]
[EventType "k.o."]
[EventCountry "IRI"]

{[%mdl 32768]} 1. d4 Nf6 2. c4 e6 3. Nc3 Bb4 4. e3 O-O 5. Bd3 d5 6. cxd5 exd5
7. Nge2 c5 8. a3 Bxc3+ 9. bxc3 b6 10. O-O Ba6 {[#] There are a few hundred
games in the MegaBase from here. White scores well, which may be because
White's basic plan -- push in the center with Re1, Rf1 and play f3 and e4 --
makes it easier to play the White than Black, who has to prepare to react to
all of White's maneuvers.} 11. f3 Re8 12. Ng3 Bxd3 13. Qxd3 Nc6 14. Bb2 Rc8 (
14... h5 $5 15. Rae1 cxd4 (15... Ne7 16. e4 h4 17. Nh1 Qd7 18. e5 Nh5 19. f4 g6
20. Qf3 cxd4 21. cxd4 Rac8 22. g4 hxg3 23. hxg3 f5 (23... Rc2 24. g4 Rxb2 25.
gxh5 Rc8 $132) 24. Re2 $13 {0-1 (40) Gerzhoy,L (2481)-Hansen,E (2596) Montreal
2014}) 16. cxd4 g6 17. Nh1 Qd7 18. e4 h4 19. Nf2 Nh5 20. Qd2 Na5 21. Ng4 Nc4
22. Qc1 Rac8 $11 {0-1 (40) Jakovenko,D (2732)-Maze,S (2591) Gibraltar 2016})
15. Rae1 {[#] A very common pawn structure from the e3 Nimzo (see the survey
in Chess Canada 2015.09). Black should use her Rs to pressure White's center,
and prepare the Ns to blockade on any central square that becomes available.
When White plays e3-e4 is it very dangerous for Black to capture the center
pawns (with ...cxd4 and ...dxe4) when White's central duo is both
well-supported and mobile, since this makes it very hard, if not impossible,
to prepare good squares for the Ns in response to both d4-d5 and e4-e5. Two
1952 games from in this line demonstrate Black's difficulties, and show White
getting a crushing attack, seemingly "out of nowhere".} Rc7 (15... h6 16. e4
cxd4 17. cxd4 dxe4 18. fxe4 Ne5 19. Qd1 Nc4 20. Bc1 Nh7 21. e5 Re6 22. Re4 Nf8
23. Nf5 Kh8 24. Qh5 $18 {and Black is busted.} Rc7 25. Rh4 Nh7 26. Nxg7 $1 Kxg7
27. Bxh6+ Kg8 28. Rg4+ Rg6 29. e6 $1 {1-0 Kotov-Unzicker, Saltsjobaden, 1952.})
(15... cxd4 16. cxd4 Qd7 17. e4 dxe4 18. fxe4 Ne5 {(is similar to
Pogonina-Zhou)} 19. Qd1 (19. Qe2 $142 {defending the Bb2, so that if} Nc4 20.
Rxf6 $1 $18 Nxb2 (20... gxf6 21. Nh5 $18) 21. Nf5 $1) 19... Nc4 20. Bc1 Qc6 21.
e5 Nd5 22. Qf3 f6 $2 23. Nh5 $1 $18 Rf8 24. Qg3 Qc7 25. Bh6 $1 Rf7 26. Qf3 Rd8
27. Nxg7 Rxg7 28. exf6 Rgd7 29. f7+ $1 {(1-0, 29) Averbakh-Golombek,
Saltsjobaden, 1952.} (29. f7+ Rxf7 30. Qxd5 $1 $18)) ({Black should NOT close
the c-file with ...c4 (as in Botvinnik-Capablanca, AVRO 1938) -- but should
probably allow White to push e5, and aim for counterplay on the c-file -- and,
as in this recent top-level example:} 15... Qc7 16. e4 Ne7 17. e5 Nd7 18. a4 (
18. f4 cxd4 19. cxd4 Qc2 $132) 18... cxd4 19. cxd4 Qc2 20. Qxc2 Rxc2 $11 21.
Ba3 g6 22. Rc1 Ra2 23. Bxe7 Rxe7 24. Ra1 Rxa1 25. Rxa1 f6 26. f4 Nf8 $1 {
Nice! exf6 would leave White's pawn on f6 doomed.} 27. Rc1 Ne6 $11 {(½-½, 64)
Eljanov,P (2739)-Wang,Y (2737) Baku Ol, 2016.}) 16. e4 dxe4 17. fxe4 Ne5 {
[#] The same maneuver as in the 1952 games above.} 18. Qd1 (18. Qe2 {looks
more natural, but White is aiming for Qb3xf7.}) 18... cxd4 $2 (18... Rd7 $5 19.
d5 (19. Qe2 cxd4 20. cxd4 Rxd4 $1 $14) 19... c4 $5 20. Bc1 $1 (20. a4 $2 Nd3
$17) 20... h6 {with an unbalanced Benoni-like position.}) 19. cxd4 Ng6 $6 {
[%mdl 64]} (19... Nc4 $142 {also as in the 1952 games.}) {[#]Critical Position}
20. Qb3 {White spent 15 minutes on this. White's central pawn duo give her a
clear plus, but if Black doesn't blunder then at some point White will have to
turn that positional pressure into a tactical sequence that either creates a
passed pawn (possibly winning an exchange) or gives up a pawn for a kingside
attack. In the game, White consistently refuses to "pull the trigger" and
Black keeps hanging around...} (20. Nf5 $1 {giving up one 1/2 of the beautiful
central pawn duo is a difficult move to make, but it is tactically justified}
Rxe4 21. Rxe4 Nxe4 22. d5 $8 Rd7 (22... f6 23. d6 $18) (22... Nd6 23. Nxg7 Qg5
24. Nh5 $1 $18) 23. Qd4 Nf6 24. Nxg7 Nxd5 25. Nh5 f6 26. Qc4 $1 $18 {[%csl Rf6]
[%cal Gh5f6]}) 20... Rce7 {[#]} (20... Rd7 21. e5 Nd5 22. Ne4 $16) 21. d5 $6 {
Again, too timid!} (21. Rxf6 $1 {"Is just part of chess culture", is what I
imagine Kasparov saying; meaning: you play this move automatically, and
calculate the variations afterward. Black just gets killed on the dark squares:
} gxf6 22. Qf3 Rd7 (22... Re6 23. Rf1 $1 {[%csl Rf6][%cal Gg3h5,Rh5f6] aiming
for Nh5 or Nf5.}) 23. Nh5 Rd6 24. Rf1 b5 25. d5 Qb6+ 26. Kh1 $18 {the only
white piece not attacking f6 is her Kh1.}) 21... Ng4 (21... Nxe4 22. Nf5 $8 $16
) (21... Nd7 22. Nf5 Rxe4 23. Rxe4 (23. Qc3 $2 f6 $15) 23... Rxe4 24. d6 $1 (
24. Bxg7 $16) 24... Ndf8 $2 25. Nh6+ $1 $18) {[#]} 22. h3 (22. Nf5 $142 $1 Rxe4
23. Rxe4 Rxe4 24. d6 $1 {puts the d-pawn on a safe square, blocks the diagonal
to h2, and gets closer to promotion. White now threatens both Qf3 and taking
on g7, for example} (24. Nxg7 $4 Qc7 25. g3 Qc5+ $19) 24... a5 $2 {just a
random move to demonstrate a threat (...Qd7 is worse, since then Qf3 also eyes
a8)} 25. Qf3 Rf4 (25... Qe8 26. d7 $18) 26. Ne7+ $1 $18) 22... N4e5 23. Nf5 Rd7
24. Qg3 f6 $1 25. Rc1 $14 {[#]} Kh8 (25... b5 $5 {is a try, hoping for ...Nc4,
but White stays in charge after} 26. Rc5 $1 Nc4 27. Rxb5 Nxb2 28. Rxb2 {
and White is up a protected passed pawn, since} Rxe4 $4 29. Rb8 $18) 26. a4 b5
27. axb5 Qb6+ 28. Bd4 Qxb5 29. Rc3 h5 $2 30. Rfc1 Qe2 {[#]Finally, a threat!
White has something to worry about (...Qxe4)....} 31. Bxe5 $2 {... and White
used 2 of her remaining 9 minutes on this overreaction! Trading the B for a
redundant N makes Black's task easier.} (31. Be3 $142 {and Nd4.}) 31... Nxe5 $8
32. Rc7 Red8 (32... Rxc7 33. Rxc7 g5 $8 34. Qe3 Qxe3+ 35. Nxe3 Ra8 36. d6 Rd8
37. Nf5 a5 {Black should draw.}) 33. Qe3 Qxe3+ 34. Nxe3 Kg8 35. Nf5 Kf8 (35...
g6 $142 36. Nd4 Rxc7 37. Rxc7 Ra8 38. Ne6 a5 (38... Nf7 $5) 39. d6 Ra6 $8 $11)
36. Nd4 {both players under 2 minutes.} Rxc7 37. Rxc7 {[#]} Rd7 $1 {Qiyu now
ahead on the clock.} (37... Ra8 {is too slow with the K on f8.} 38. Ne6+ $18)
38. Rc8+ Kf7 (38... Ke7 39. Nf5+ Kf7 40. Rh8 a5 41. Ra8 g6 42. Nd4 Nc4 43. Rc8
(43. Kf2 f5 $1 $11) 43... Nd6) 39. Ne6 a5 40. Ra8 Nc4 {Time control made by
both players, who now had an extra 30 min (+30s/move) to complete the game.} (
40... Nc6 $4 41. dxc6 Rd1+ 42. Kf2 Kxe6 43. c7 $18) 41. Kf2 {[#]} g6 {20
minutes on this. Black had a very interesting alternative in ...f5. It's a
pawn sac that gives Black enough activity or targets no matter which way White
takes. I expect White might have burnt most of her remaining time trying to
figure out how to keep an advantage in the resulting endgames.} (41... f5 $5
42. exf5 Rxd5 (42... h4 $1 {Stockfish =}) 43. g4 hxg4 44. hxg4 Kf6 45. Kg3 (45.
Kf3 g5 46. fxg6 Rd3+ $11) 45... g5 46. fxg6 Rd3+ $8 47. Kh4 Ne5 $8 $11 48. g7
$140 $4 Ng6+ 49. Kh5 Rh3#) (41... f5 $5 42. Rf8+ Ke7 43. Rxf5 a4 {deflecting
the white R makes Black's a-pawn dangerous enough to draw. For example:} 44.
Rg5 a3 45. Rxg7+ Kd6 46. Rxd7+ Kxd7 47. Nc5+ Kd6 48. Nb3 a2 49. g4 (49. Kf3 $4
Nd2+ $19) 49... hxg4 50. hxg4 Nd2 51. Na1 Nxe4+ $11) 42. Ra6 f5 (42... Rd6 $1
43. Ra7+ Ke8 44. Ng7+ (44. Rg7 Rb6 $1 45. Rxg6 a4 46. Rxf6 Ke7 47. Rh6 (47. Rf8
$2 Rxe6 $15) 47... a3 48. Rh7+ Kd6 49. Ra7 Ke5 $11) 44... Kd8 $11) 43. exf5
gxf5 44. Nf4 h4 45. Rh6 a4 46. Rxh4 a3 47. Rh7+ Ke8 48. Rh8+ Ke7 49. Ra8 Rb7
$11 50. Ke2 Rb5 51. Nd3 {[#] Each player had only 2 minutes here.} Rxd5 $11 {
...and Qiyu went down to 32 second before capturing here. Black's difficulty
is that ...Ra5 and ...Na5 are both plausible (though insufficient) winning
attempts.} 52. Ra4 Rxd3 53. Rxc4 (53. Kxd3 $4 Nb2+ $19) 53... Rb3 54. Ra4 Kf6
55. h4 {[#]} Kg6 {The simplest.} ({It doesn't lose, but there's no point
freeing the white K just to get your own pawn to a2 when it is never going to
get to a1:} 55... Rb2+ 56. Kf3 a2 57. Ra6+ Kg7 58. g3 Rh2 59. Kf4 Rf2+ $11 60.
Kg5 Kh7 61. Ra7+ Kg8 62. Kg6 Kf8 $11 {would be a drawn but ulcer-inducing line.
}) 56. g4 fxg4 57. Rxg4+ Kh5 58. Ra4 Rb2+ {Gives White a chance to lose by
going to the back rank.} 59. Kd3 Rh2 60. Kc3 Rxh4 61. Rxa3 1/2-1/2

[Event "WWCCh 2017"]
[Site "Tehran"]
[Date "2017.02.12"]
[Round "1.2"]
[White "Zhou, Qiyu"]
[Black "Pogonina, Natalija"]
[Result "0-1"]
[WhiteElo "2247"]
[BlackElo "2447"]
[Annotator "John Upper"]
[PlyCount "138"]
[EventDate "2017.??.??"]
[EventType "k.o."]
[EventCountry "IRI"]

{[%mdl 32768]} 1. e4 e5 2. Nf3 Nc6 3. Bb5 a6 4. Ba4 Nf6 5. O-O {[#]} b5 (5...
Be7 {We transpose to this game at move 16, but in Zhou-Pogonina White is a
tempo up.} 6. Re1 b5 7. Bb3 O-O 8. h3 Bb7 9. d3 d6 10. a3 Na5 11. Ba2 c5 12.
Nbd2 Nc6 13. Nf1 Bc8 14. c3 Be6 15. Bxe6 fxe6 16. Ng3 Nd7 17. Be3 d5 18. exd5
exd5 19. a4 Rb8 20. axb5 axb5 21. b3 Ra8 {½-½ Kasparov (2804)-Topalov (2757)
Linares, 2005.}) 6. Bb3 Bb7 7. d3 Be7 8. Nc3 O-O 9. Re1 d6 10. a3 {[#]} Nb8 (
10... Na5 $5 {could lead to the Kasparov-Topalov game (above).}) (10... Qd7 11.
Ne2 Nd8 12. Ng3 g6 (12... Ne6 13. Ba2 Rfe8 14. Ng5 d5 15. Nxe6 Qxe6 $13 {
0-1 (40) Caruana,F (2808)-Carlsen,M (2853) Saint Louis, 2015.}) (12... c5 $5
$146) 13. c3 c5 14. Ba2 Ne6 15. b4 Rac8 16. bxc5 Nxc5 17. Bh6 Rfe8 18. d4 Ne6
19. Ng5 $2 (19. Rc1 $142 $11) 19... Nxg5 (19... Rxc3 $4 20. Nxe6 fxe6 21. dxe5
dxe5 22. Qxd7 Nxd7 23. Bxe6+ $18) 20. Bxg5 Rxc3 21. Ne2 Rc7 22. Ng3 Qg4 23. Qd2
$2 Nxe4 $8 $19 24. Qa5 (24. Nxe4 Bxe4 25. f3 Bxg5 $19) 24... Nxg3 $19 25. hxg3
Rec8 26. Bxe7 Rxe7 27. dxe5 dxe5 {Black is up two pawns and won easily.} 28.
Rad1 Kg7 29. Qb6 h5 30. Qd6 Rce8 31. Rc1 Qd4 32. Qb4 Qxb4 33. axb4 Rd8 34. Rc5
Rd2 35. Bb3 Rd4 {0-1 (35) Wei,Y (2706)-Zhou,J (2635) Shenzhen, 2016.}) 11. Ne2
{Both sides has played quickly up to here, possibly because they were
following this Pogonina game from last year's Russian Women's Team
Championship:} (11. a4 b4 12. Ne2 Nbd7 13. Ng3 Nc5 14. Bc4 Re8 15. a5 Rb8 16.
c3 bxc3 17. bxc3 Bf8 (17... d5 18. exd5 Bxd5 19. Nxe5 Bxc4 $11) 18. Ba3 Ne6 19.
Qd2 Bc6 20. d4 exd4 21. cxd4 d5 22. Bxf8 Rxf8 23. Bxa6 dxe4 24. Ne5 Ba8 25.
Rad1 Qd6 $6 26. Bc4 g6 27. Qh6 Qe7 28. f4 $2 (28. h3 $142) (28. a6 $142) 28...
exf3 29. gxf3 (29. Nxg6 $2 f2+ $1 $19) 29... Nd5 30. Ne4 Rb2 31. Bxd5 Bxd5 32.
Nd7 $4 Bxe4 $19 33. Nxf8 Qg5+ $4 (33... Ng5 $8 $19) 34. Qxg5 Nxg5 35. fxe4 $11
Nf3+ 36. Kf1 Nxh2+ 37. Kg1 Nf3+ 38. Kf1 Nh2+ 39. Kg1 Nf3+ 40. Kf1 Nh2+ 41. Kg1
Nf3+ {½-½ (41) Shuvalova,P (2320)-Pogonina,N (2490) Sochi, 2016.}) 11... c5
12. Ng3 Nc6 13. c3 Bc8 14. h3 Be6 15. Bxe6 fxe6 {[#] This is the same position
as Kasparov-Topalov (note to move 5), but there it was Black to move. The
difference is that Topalov played ...Na5, and White saved his B with Ba2,
which cost him a tempo when he then exchanged with BxBe6.} 16. b4 $1 (16. d4
exd4 17. cxd4 e5 18. d5 Nd4 19. Nxd4 cxd4 20. Bd2 Rc8 $11 21. Rc1 (21. Nf5 Rf7
{then ...Bf8.}) 21... Qd7 {(½-½, 76) Kallio,H (2502)-Vajda,L (2539) Budapest,
2002.}) 16... Qd7 17. Qb3 Rab8 {[#] Qiyu had been playing almost instantly up
to here, and now had 94 minutes on the clock (4 more than she started with),
while Black was down to 65. However, a series of long thinks on each of her
next three moves gave back most of that time advantage...} 18. Be3 Rfe8 19.
Reb1 Bf8 20. a4 cxb4 {[#] After this, times were now 49m v 43m.} 21. axb5 axb5
22. cxb4 d5 23. Rc1 $14 d4 {[#]} (23... Nxb4 $2 24. Nxe5 Qd6 25. Nf3 {
threatening forks with e5 and Bc5.} Nd7 26. Ra5 $14 {with pressure on the
b-pawn.}) 24. Bd2 {Not bad, but White had better:} (24. Ra6 $1 Rec8 (24... dxe3
25. Rcxc6 $16) (24... Nxb4 $2 25. Nxe5 $8 Qe7 26. Nf5 $8 $18 Qb7 27. Rxe6 $18)
25. Bd2 {Threatening Rcxc6 then Nxe5.} Qe8 (25... Kh8 26. Rcxc6 Rxc6 27. Nxe5
Rxa6 $8 28. Nxd7 Nxd7 29. Ne2 $16 {Materially, Black is ahead with RR v Q, but
Black's central pawns are vulnerable.}) 26. Ng5 $1 Nd8 27. Rxc8 Rxc8 28. f4 $1
(28. Nxe6 $2 Nxe6 29. Qxe6+ Qxe6 30. Rxe6 Rc2 $132) (28. Nf5 $5) 28... exf4 29.
Ne2 $1 $16 {and with the pawns broken up, White's Ns run riot.}) 24... Ra8 $1
$14 {Preventing Ra6 as in the note above.} 25. Ng5 Rxa1 26. Rxa1 h6 27. Nf3 Qb7
{[%cal Gg3f1,Gf1h2,Gh2g4] [#] The big island of pawns in the center keeps
White's B inactive and leaves few good squares for any of the Ns. The isolated
pawns on e6 and b4 are the natural targets, but both can be sufficiently
defended. Maybe White should consider moving her Ng3 to g4: Ng3-f1-h2-g4.
Black could kick it away with ...h5, but that weakens g5. It's a slow maneuver,
but this is a nearly closed position, so everything is slow.} 28. Ne2 Nd7 29.
Ne1 Bd6 30. Nc2 Nf8 31. Qa2 Rb8 {[#]} 32. f4 $6 {This undoubles Black's
e-pawns and gives her an outpost on e5. If Black puts a N on e5 then her
d4-pawn could be weak; though it is not vulnerable now because of the pin on
b6-g1 diagonal. It doesn't give Black an advantage, but it looks like an
unwise attempt at activity, when the position would be slightly better (and
unloseable) with queenside maneuvering.} (32. Nc1 Qe7 33. Qa3 Rb7 34. Qa6 Nb8 {
White's not making any progress, but hasn't given Black anything to hope for
either.}) 32... exf4 33. Nxf4 (33. Ncxd4 $4 Qb6 $19) 33... Qe7 34. Qa6 Qc7 35.
Ne2 Qd7 36. Qa2 Kh7 37. Qb2 Bc7 {[#] Black threatens ...Ng6 then ...Qd6 with
strong control of the dark squares.} 38. Bf4 Rd8 39. Rf1 Ng6 40. Bxc7 Qxc7 $15
41. Na3 Qe7 42. Nxb5 Nge5 $1 (42... e5 $1 {gets the pawn back immediately:} 43.
Na3 (43. Ra1 Nxb4 44. Ra7 $2 Qc5 $19 {Black wins a piece.}) 43... Nxb4 44. Qd2
(44. Nc1 $2 Nf4 $17) 44... Ra8 45. Nc4 Ra2 46. Qd1 $15) 43. Nf4 Rb8 {[#]} 44.
Na3 $2 (44. Nxd4 Qa7 (44... Rxb4 $2 45. Nxc6 Nxc6 46. Qc3 $14) 45. Nfxe6 $8
Rxb4 (45... Re8 46. Qf2 $16 (46. b5 $1 $18) 46... Nxd3 $2 47. Qf5+ g6 48. Nf8+
$18) 46. Qc3 $8 Nxd4 47. Qxb4 Nxe6+ (47... Ndf3+ $5 {is exciting, for a few
moves:} 48. Kh1 Nxd3 $8 49. Nf8+ $8 Kh8 50. Ng6+ $8 Kh7 $8 51. Nf8+ $8 $11) 48.
Kh1 Nxd3 49. Qd6 $11 {possibly more fun to play as Black, but objectively
equal.}) 44... Rxb4 45. Qc2 Rb7 46. Nb1 $2 (46. Nc4 $142 $11 Nb4 47. Qd2 Nxc4
48. dxc4 {the pawn on d4 looks more dangerous than it is.} Qg5 (48... e5 49.
Nd5 $11) 49. e5 $11 (49. Qd1 $11)) 46... Nb4 $1 $15 47. Qf2 Qd6 48. Qg3 Rf7 49.
Nd2 g5 $1 $17 {[#]} 50. Nh5 $6 {After this, times were: 1 min vs 4 min; but
even with an hour, White could spend the time only hoping for a miracle.} (50.
Ne2 Rxf1+ 51. Nxf1 Nbxd3 $17) 50... Rxf1+ 51. Nxf1 Nbxd3 $19 52. h4 Qe7 53.
hxg5 Qxg5 54. Qxg5 hxg5 {[#] White's only hope is to trade her Ns for Black's
pawns, but there's no realistic way that can happen.} 55. Nd2 (55. Nf6+ Kg6 56.
Ne8 Nc4 $19 {is no better.}) 55... Kg6 56. Ng3 Nf4 57. Kf1 Ng4 58. Ne2 Ne3+ 59.
Kf2 Nxe2 60. Kxe2 Nxg2 61. Nf3 Nf4+ 62. Kd2 d3 63. Ne5+ Kh5 64. Ke3 g4 65. Nc4
{[#]} g3 66. Kf3 g2 67. Kf2 Kg5 68. Nd2 Kg4 69. Nf3 g1=Q+ $1 {Deflection sac
to promote the d-pawn. Pogonina advances to round 2:1.5 - 0.5.} 0-1

[Event "Blackpool Chess Conference"]
[Site "Blackpool"]
[Date "2017.03.12"]
[Round "5"]
[White "Zhou, Qiyu"]
[Black "Fallowfield, Jeremy R"]
[Result "1-0"]
[WhiteElo "2287"]
[BlackElo "2069"]
[Annotator "John Upper"]
[PlyCount "53"]
[EventDate "2017.03.12"]
[EventType "swiss"]
[EventCountry "ENG"]

{[%mdl 32768]} 1. e4 c5 2. Nf3 d6 3. d4 cxd4 4. Nxd4 Nf6 5. Nc3 a6 6. Be3 e5 7.
Nb3 Be6 8. h3 $5 {[#] The (Weaver) Adams variation. White prepares g2-g4 with
either a pawn storm, or piece control over d5 with g4-g5 and Bg2, or both.
"For players of the white pieces, 6.h3 looks a bit like a holy grail of
playing against the Najdorf – a positionally sound line where play is
governed by general principles, and yet White can count on frequently gaining
a vicious attack." - GM Bryan Smith, The Najdorf in Black and White (Mongoose,
2018)} Be7 9. Qf3 {A system that's been tried a couple of times by Shirov, Ni
Hua and others.} Nbd7 (9... d5 $2 10. exd5 Nxd5 11. Nxd5 Bxd5 12. Qg3 {wins e5
or g7 since} Bf6 $2 13. O-O-O {will win the Bd5 with c2-c4 or Be3-f3:} b5 14.
Be2 e4 15. f3 $18) 10. g4 h6 11. O-O-O {[#]} b5 (11... Rc8 {threatening ...
Rxc3 is more common, and better-scoring;} 12. Nd5 Bxd5 13. exd5 Nb6 14. h4 Qc7
15. c3 Nbxd5 16. Bd2 (16. Rxd5 $2 Qc6 $8 17. Qf5 g6 $8 18. Rxd6 $8 gxf5 $15)
16... Nb6 17. g5 Nfd7 18. gxh6 gxh6 19. Kb1 $13 {(½-½, 54) Kamsky,G (2732)
-Gelfand,B (2733) Kazan, 2011.}) 12. Qg2 $5 b4 13. Nd5 Bxd5 14. exd5 a5 15. f4
a4 16. Nd2 b3 $5 {[#]Not the only move, but thematically sac-ing a pawn to
open lines at the White K.} 17. axb3 (17. cxb3 $2 axb3 {and White can't close
the queenside with} 18. a3 $4 Qc7+ 19. Nc4 Ra4 $17 20. Qe2 exf4 21. Bd4 (21.
Bxf4 Nb6 $19) 21... O-O {threatening Rc8, and here} 22. Qxe7 Re8 $19 {traps
the Q before going back to the attack.}) 17... axb3 18. Nxb3 exf4 19. Bxf4 O-O
20. Bd3 Nc5 (20... Qb6 $15 {is the computer's choice.}) 21. Nxc5 $8 {[%mdl 64]
[#]Critical Position} Ra1+ $2 {This does force White's K to the center, but
because Black has to spend a tempo recapturing on c5, checking on a1 has the
effect of trading Black's well-developed Ra8 for White's undeveloped Rh1.} ({
After} 21... dxc5 $1 {Black may have been worried about} 22. d6 {which looks
like it wins the Be7, since} Bxd6 ({But Black has clear improvments in this
line:} 22... Bxd6 $1 23. Bxd6 Ra1+ 24. Kd2 Rxd1+ 25. Kxd1 Qxd6 {When material
is equal, but White's K is more exposed than Black's.}) ({But Black has even
better} 22... c4 $3 23. dxe7 (23. Bxc4 Ra1+ $8 24. Kd2 Bxd6 25. Rxa1 Bxf4+ 26.
Ke1 Re8+ 27. Be2 (27. Kf1 Ne4) 27... Ne4 {with a winning check coming from
either d2, or a5 or g3 or h4.}) 23... Qxe7 {White is up a piece, but has to
give it back immediately with c2-c3 immediately or will get destroyed by ...c3.
} 24. c3 $1 (24. Bxc4 Ra1+ 25. Kd2 Qb4+ $19 {regains at least a piece with a
huge attack.}) (24. Qe2 Ra1+ 25. Kd2 Qb4+ {followed soon by ...Re8+ snagging
the Q.}) (24. Be2 c3 $1 25. bxc3 Ne4 $19) 24... cxd3 25. Rxd3 Ne4 $1 $17) 23.
Bxd6 Qxd6 $2 24. Bh7+ $18 {wins the Q for White.}) 22. Kd2 Rxd1+ 23. Rxd1 Qa5+
24. Ke2 Qxc5 {[#]White is up a pawn with the B-pair, and although her K is in
the center, it is her opponent's K that is in danger. White plays the rest
forcefully and accurately.} 25. Be3 $1 Qb4 $6 ({Of course not} 25... Qxd5 $4
26. Bh7+ $18) (25... Qc7 $142 {coordinating with the kingside.}) 26. g5 $1 hxg5
27. Qxg5 {And Black has to give up a piece to avoid getting mated.} (27. Qxg5
Qb7 (27... Re8 28. Rg1 g6 29. Bxg6 Nxd5 30. Bh7+ $18) 28. Rg1 Ne8 {and White
has a choice of wins, e.g.} 29. Qh5 Nf6 30. Qh6 g6 31. Bxg6) 1-0